01841agaaa2200289 45000010005000000030009000050050017000140070009000310080040000400400023000800410013001031000048001161300016001642450205001802500022003852600134004073000033005415080163005745110078007375200472008155380016012875460013013036500056013167000060013727000062014327000057014940713IT-RoPAU20220918181244.0d cvaizq50131s9999||||xx ||| | || ||und|| aIT-RoPAUcIT-RoPAU aFRANCESE aGodard Jean-LucgCodice regista SPICS: 5975 aMEPRIS (LE) aMEPRIS (LE)cProdotto da: Ponti Carlo -- Sceneggiatura: Godard Jean-Luc Tratto Dal Romanzo Omonimo Di Moravia Alberto -- Diretto da: Godard Jean-LucpMEPRIS (LE) (Rif. Codice opera principale : F0713) aEdizione Standard aROMA - PARIGI (FRANCIA)bCHAMPION - LES FILMS CONCORDIA / Distribuzione: RAI TREg"1963 (1° ed.: 1997 ; Ed. Lingua Orig.: 1963)" aVHSbsonoro, col.c90 minuti a"Fotografia: Coutard Raolu; Montaggio: Gullemot Agnes; Musica: Piccioni Piero; Sceneggiatura: Godard Jean-Luc Tratto Dal Romanzo Omonimo Di Moravia Alberto; " a"Bardot Brigitte; Piccoli Michel; Lang Fritz; Palance Jack; Moll Georgia" aVERSIONE ORIGINALE CON SOTTOTITOLI. VERSIONE ITALIANA IL DISPREZZO 9960/63412.UNO SCRITTORE DI GIALLI VIENE CHIAMATO DA UN PRODUTTORE AMERICANO PER SCENEGGIARE UN FILM SULL'ODISSEA IL PRODUTTORE NON NASCONDE LA CORTE ASSIDUA DICUI FA OGGETTO EMILIA LA GIOVANE MOGLIE DELLO SCRITTORE QUESTO PROVOCA LA ROTTURA DEFINITIVA FRA I DUE SPOSI EMILIA NEL TORNARE A ROMA IN COMPAGNIA DEL PRODUTTORE PERISCE MISERAMENTE IN UN INCIDENTE AUTOMOBILISTICO FILM DRAMMATICO A COLORI. aPAL, STEREO aFRANCESE aDRAMMATICOeFILMS [VHS]xCodice MATERIA SPICS: 9960 aGodard Jean-Luc e(regista)gCodice regista SPICS: 5975 aGodard Jean-Luc e(soggetto)gCodice Soggetto SPICS: 5975 aPiccioni Pieroe(musica)gCodice Musica SPICS: 11072